| 000 | 01073cam a2200337 a 4500 | ||
|---|---|---|---|
| 001 | 13267971 | ||
| 003 | GBCCL | ||
| 005 | 20241126110347.0 | ||
| 008 | 030303s2002 ii b 000 0 eng | ||
| 010 | _a 2003308408 | ||
| 020 | _a8172147007 | ||
| 025 | _aI-E-2003-308408; 13 | ||
| 035 | _a(DLC) 2003308408 | ||
| 037 |
_bLibrary of Congress -- New Delhi Overseas Office _cRs130.00 ($12.00 U.S.) |
||
| 040 |
_aDLC _cDLC |
||
| 042 | _alcode | ||
| 050 | 0 | 0 |
_aBR118 _b.M64 2002 |
| 082 |
_a230 _bMOV |
||
| 245 | 0 | 0 |
_aMoving forms of theology : _bfaith talk's changing contexts / _cedited by Israel Selvanayagam. |
| 260 |
_aDelhi : _bISPCK, _c2002. |
||
| 300 |
_axviii, 196 p. ; _c23 cm. |
||
| 504 | _aIncludes bibliographical references. | ||
| 520 | _aContributed articles. | ||
| 650 | 0 |
_aTheology _xMethodology. _9438 |
|
| 650 | 0 |
_aTheology, Doctrinal. _914 |
|
| 700 | 1 |
_aCelvanāyakam, Israyēl. _91265 |
|
| 710 | 2 |
_aI.S.P.C.K (Organization) _9393 |
|
| 906 |
_a7 _bcbc _corigode _d3 _encip _f20 _gy-gencatlg |
||
| 942 |
_2ddc _cBK _02 |
||
| 999 |
_c838 _d838 |
||